00285nam a2200109 a 4500008004100000050001800041100002700059245003400086260002600120300002000146350000900166120416s1972 ||||||||||||||||| || u aHF 5429.3 Mur aMURPHY, Raymond Edward14aThe central business district aLondonbLongmanc1972 avi, 193p. : ill a0.00